00245nam a2200109Ia 4500008004100000041000800041100003000049245001600079260001300095365000800108999001900116231011s9999 xx 000 0 und d aeng aKoontz O Donnel Weihrich. aManagement. bM.G.H. - b112 c883800d883800